Llwytho...
Swapnavyaparam/
| Prif Awdur: | |
|---|---|
| Iaith: | English |
| Cyhoeddwyd: |
Kozhikode
The Mathrubhumi Printing & Publishing Co. Ltd.
2016
|
| LEADER | 00530 a2200157 4500 | ||
|---|---|---|---|
| 008 | 181130b xxu||||| |||| 00| 0 eng d | ||
| 999 | |c 186302 |d 186302 | ||
| 020 | |a 9788182669079 | ||
| 041 | |a MAL | ||
| 084 | |2 cc |a O32,3N822,S | ||
| 100 | |a Faizal Khan, M S | ||
| 245 | |a Swapnavyaparam/ | ||
| 260 | |b The Mathrubhumi Printing & Publishing Co. Ltd. |c 2016 |a Kozhikode | ||
| 300 | |a 208p. | ||
| 942 | |c GEN | ||
| 952 | |0 0 |1 0 |4 0 |6 O_323N822S_Q62 |7 0 |9 326799 |a LIB |b LIB |d 2018-02-16 |e 5 |g 140.00 |l 1 |o O32,3N822,S Q6;2 |p 306580 |r 2019-11-12 |s 2019-10-19 |v 200.00 |y GEN | ||